[Event "Ceske Budejovice op"]
[Site "Ceske Budejovice"]
[Date "2021.07.07"]
[Round "7"]
[White "Roubal, Matyas"]
[Black "Valenta, Vit"]
[Result "0-1"]
[WhiteElo "1693"]
[BlackElo "2019"]
[PlyCount "106"]
[EventDate "2021.07.01"]
[EventType "swiss"]
[EventRounds "9"]
[EventCountry "CZE"]
[SourceTitle "CBM 203 Extra"]
[Source "ChessBase"]
[SourceDate "2021.09.30"]
[SourceVersion "1"]
[SourceVersionDate "2021.09.30"]
[SourceQuality "1"]

1. e4 c5 2. Nf3 Nc6 3. Bb5 a6 4. Bxc6 bxc6 5. 0-0 d6 6. Nc3 e5 7. d3 Nf6 8. h3 Be7 9. Be3 0-0 10. Nd2 d5 11. Bg5 Rb8 12. b3 h6 13. Bh4 Be6 14. Bg3 Bd6 15. Qe2 Nd7 16. Qf3 Qa5 17. Ndb1 d4 18. Nd1 Qc7 19. Nd2 f5 20. Qe2 f4 21. Bh2 Be7 22. Nb2 g5 23. Nbc4 Kg7 24. c3 dxc3 25. Nf3 h5 26. Kh1 g4 27. Ng1 Rf6 28. g3 f3 29. Qc2 Bxc4 30. dxc4 Rd6 31. Qxc3 Rf8 32. Rad1 Rd4 33. Rfe1 Qd6 34. Qc2 Nf6 35. Rxd4 Qxd4 36. b4 Rd8 37. Nxf3 gxf3 38. g4 hxg4 39. Rg1 Kf7 40. hxg4 Nxe4 41. Rf1 Qd3 42. Qc1 Bg5 43. Qa1 Rh8 44. Kg1 Nc3 45. Re1 Ne2+ 46. Rxe2 Qxe2 47. Qb1 e4 48. bxc5 Rd8 49. Bd6 Be3 50. Qb7+ Kg6 51. Bg3 Bxf2+ 52. Kh2 Rh8+ 53. Bh4 Rxh4# 0-1

[Event "Ceske Budejovice op"]
[Site "Ceske Budejovice"]
[Date "2021.07.03"]
[Round "3"]
[White "Roubal, Matyas"]
[Black "Malinovsky, Petr"]
[Result "0-1"]
[WhiteElo "1693"]
[BlackElo "2070"]
[PlyCount "86"]
[EventDate "2021.07.01"]
[EventType "swiss"]
[EventRounds "9"]
[EventCountry "CZE"]
[SourceTitle "CBM 203 Extra"]
[Source "ChessBase"]
[SourceDate "2021.09.30"]
[SourceVersion "1"]
[SourceVersionDate "2021.09.30"]
[SourceQuality "1"]

1. e4 c5 2. Nf3 g6 3. Nc3 Bg7 4. d3 Nc6 5. g3 a6 6. Bg2 b5 7. 0-0 Bb7 8. Be3 Nd4 9. Bxd4 cxd4 10. Ne2 e5 11. c3 dxc3 12. bxc3 Ne7 13. Nd2 0-0 14. f4 exf4 15. gxf4 d5 16. d4 dxe4 17. Nxe4 Nf5 18. Qd3 b4 19. Nf6+ Qxf6 20. Bxb7 Ra7 21. Be4 bxc3 22. Bxf5 Qxf5 23. Qxc3 Rd7 24. Qe3 Rfd8 25. Rad1 Bf6 26. Rd2 Re7 27. Qf3 Qa5 28. Rfd1 Rde8 29. d5 Re3 30. Qf2 R3e7 31. f5 Bg5 32. Nf4 Re4 33. Ng2 Bxd2 34. Rxd2 R4e5 35. fxg6 hxg6 36. Nf4 Qb4 37. d6 Rg5+ 38. Ng2 Qb1+ 39. Qf1 Re1 40. Rf2 Rxf1+ 41. Rxf1 Qc2 42. Rf2 Qd1+ 43. Rf1 Qxd6 0-1

[Event "Ceske Budejovice op"]
[Site "Ceske Budejovice"]
[Date "2021.07.01"]
[Round "1"]
[White "Roubal, Matyas"]
[Black "Hosticka, Frantisek"]
[Result "1-0"]
[WhiteElo "1693"]
[BlackElo "2098"]
[PlyCount "63"]
[EventDate "2021.07.01"]
[EventType "swiss"]
[EventRounds "9"]
[EventCountry "CZE"]
[SourceTitle "CBM 203 Extra"]
[Source "ChessBase"]
[SourceDate "2021.09.30"]
[SourceVersion "1"]
[SourceVersionDate "2021.09.30"]
[SourceQuality "1"]

1. e4 Nf6 2. e5 Nd5 3. c4 Nb6 4. d4 d6 5. f4 Bf5 6. Nf3 e6 7. Nc3 dxe5 8. fxe5 Bb4 9. Bd3 Bxd3 10. Qxd3 c5 11. a3 Bxc3+ 12. bxc3 Nc6 13. 0-0 h6 14. Be3 Rc8 15. d5 Na5 16. Qc2 Qd7 17. Qf2 Na4 18. Qg3 g6 19. Qh4 Nxc3 20. Ng5 Qa4 21. Nxf7 Nxc4 22. Qf6 Kd7 23. Nxh8 Nxd5 24. Qf7+ Ne7 25. Rfd1+ Kc6 26. Qxe6+ Kb5 27. Rdb1+ Ka5 28. Rb4 cxb4 29. axb4+ Kb5 30. Qd7+ Rc6 31. Qxb7+ Rb6 32. Qd7+ 1-0

[Event "EU-ch Amateur Online Final 1700/2000"]
[Site "Tornelo INT"]
[Date "2021.04.25"]
[Round "1"]
[White "Roubal, Matyas"]
[Black "Ter Gevorkian, Aram"]
[Result "1/2-1/2"]
[WhiteElo "1643"]
[BlackElo "1925"]
[PlyCount "155"]
[EventDate "2021.04.25"]
[EventType "swiss (rapid)"]
[EventRounds "9"]
[EventCountry "NET"]
[SourceTitle "EXT 2023"]
[Source "ChessBase"]
[SourceDate "2022.10.05"]
[SourceVersion "1"]
[SourceVersionDate "2022.10.05"]
[SourceQuality "1"]

1. e4 Nf6 2. e5 Nd5 3. d4 Nb6 4. c4 d6 5. exd6 cxd6 6. Nc3 g6 7. Nf3 Bg7 8. Be3 0-0 9. Bd3 Nc6 10. 0-0 Bg4 11. h3 Bxf3 12. Qxf3 Nxd4 13. Bxd4 Bxd4 14. Qxb7 Rb8 15. Qe4 Bg7 16. Rac1 Nd7 17. b3 Nc5 18. Qe2 a6 19. Rfe1 e6 20. Be4 Qb6 21. Bf3 Rbd8 22. Qe3 Bxc3 23. Qxc3 Nd7 24. Rcd1 Ne5 25. Qe3 Nxf3+ 26. Qxf3 Rd7 27. Qe3 Qxe3 28. Rxe3 d5 29. Red3 Rfd8 30. Rd4 Kf8 31. f4 Ke7 32. c5 a5 33. a3 Rb7 34. b4 axb4 35. axb4 Rb5 36. Ra1 Rd7 37. Ra4 f6 38. Kf2 e5 39. fxe5 fxe5 40. Rh4 Kd8 41. Ra8+ Kc7 42. Ra7+ Rb7 43. Rxb7+ Kxb7 44. b5 Rc7 45. c6+ Kb6 46. Rb4 Ra7 47. Rb2 Rc7 48. Ke3 h6 49. Kd3 Ra7 50. Kd2 h5 51. h4 Ra8 52. Kc3 Rf8 53. Rc2 Kxb5 54. c7 Kb6 55. Kb4 Rc8 56. Rd2 d4 57. Re2 Rxc7 58. Rxe5 Rd7 59. Re2 d3 60. Rd2 Rd4+ 61. Kc3 Rxh4 62. Rxd3 Rg4 63. g3 Kc5 64. Kd2 Kc4 65. Rf3 Kd4 66. Ke2 Ke4 67. Kf2 g5 68. Ra3 Kf5 69. Ra5+ Kf6 70. Ra6+ Kf5 71. Ra5+ Ke4 72. Ra4+ Kd3 73. Ra8 Ra4 74. Rh8 h4 75. gxh4 Rxh4 76. Rxh4 gxh4 77. Kg2 h3+ 78. Kxh3 1/2-1/2